00745nam a2200205Ia 4500003000900000008004100009020001800050040001600068080001700084100002500101245020000126260003700326300001300363650004100376650002700417650002300444650002500467650002200492700002500514IN-BaIIA211028s9999 xx 000 0 eng d a3-7643-2278-0 cIIA Library a517.958bSAM aSamarskii, Aleksandr 0aNumerical methods for grid equationsbvol. II, iterative methods, translated from the Russian by Siephen G. NashcAleksandr Samarskii and Evgenii S. Nikolaev  aGermanybBirkhauser-Verlagc1989 axv, 502p aAstronomy and Astrophysics Thesaurus aDifferential Equations aFinite Differences aMathematical Physics aNumerical Methods aNikolaev, Evgenii S.